| 000 | 00882pam a2200265 a 4500 | ||
|---|---|---|---|
| 001 | 4344376 | ||
| 005 | 20230413153219.0 | ||
| 008 | 890721s1991 maua b 001 0 eng | ||
| 010 | _a 89017663 | ||
| 020 | _a0201178338 | ||
| 040 |
_aDLC _cDLC _dDLC |
||
| 050 | 0 | 0 |
_aQA276.12 _b.W45 1991 |
| 082 | 0 | 0 |
_a519.5 _220 _bWEN |
| 100 | 1 |
_aWeiss, N. A. _q(Neil A.) _9111898 |
|
| 245 | 1 | 0 |
_aIntroductory statistics / _cNeil A. Weiss, Matthew J. Hassett. |
| 250 | _a3rd ed. | ||
| 260 |
_aReading, Mass. : _bAddison-Wesley Pub. Co., _cc1991. |
||
| 300 |
_a1 v. (various pagings) : _bill. (some col.) ; _c24 cm. |
||
| 504 | _aIncludes bibliographical references and index. | ||
| 650 | 0 |
_aStatistics. _969 |
|
| 700 | 1 |
_aHassett, Matthew J. _9111899 |
|
| 906 |
_a7 _bcbc _corignew _d1 _eocip _f19 _gy-gencatlg |
||
| 942 |
_2ddc _cBK |
||
| 999 |
_c594507 _d594507 |
||